| 000 | 00781nam a22002177a 4500 | ||
|---|---|---|---|
| 005 | 20100814145347.0 | ||
| 010 | _aENG-100414 | ||
| 020 |
_a8187928352 _c250.00 |
||
| 020 |
_a9788187928355 _c250.00 |
||
| 035 | _aEN-83947 | ||
| 037 | _bDBAD/PUB | ||
| 082 | _a181.432 | ||
| 100 |
_aHariharananda Aranya _913917 |
||
| 245 |
_aThe doctrine of karma : _bkarmatattva / _cby Hariharnanda Aranya ; translated by Indira Gupta |
||
| 260 |
_aMadhupur _bKapil Math _c2008 |
||
| 270 |
_a62/1, Hindusthan Park _bMadhupur |
||
| 300 |
_aix, 206p. _c21cm (pbk) |
||
| 700 |
_aGupta, Indira _913473 |
||
| 942 |
_2ddc _cEN _h181.432 _mHAR |
||
| 999 |
_c41944 _d41944 |
||